Les 10 pays qui investissent le plus dans la recherche - Statistiques

Statistiques générales
  • Ce quiz a été pris 118 fois
  • Le résultat moyen est 7 sur 10
Statistiques - réponses
Place Pourcentage du P.I.B. Pays % Correct
3 3,46 Etats-Unis
99%
7 3,30 Japon
91%
9 3,14 Allemagne
84%
2 4,93 Corée du Sud
74%
5 3,42 Suède
65%
6 3,36 Suisse
62%
10 2,99 Finlande
56%
4 3,43 Belgique
50%
8 3,26 Autriche
40%
1 5,56 Israel
29%
Aucun quiz correspondant
Distribution des résultats
% des personnes avec chaque résultat
Percentile par nombre de réponses
Votre historique - résultats
Vous n’avez pas pris ce quiz